000 00890naa a2200229 c 4500
001 45969
003 ES-MaCES
005 20150616091537.0
008 150615s2014 sp ||||| t||||||| ||spa d
040 _aES-MaCES
_bspa
_cES-MaCES
100 1 _910011
_aCorrea Carrasco, Manuel
245 1 4 _aLos derechos de los trabajadores extranjeros y su protección penal
_cManuel Correa Carrasco
650 4 _929924
_aderechos de los trabajadores
650 4 _928408
_atrabajador migrante
650 4 _928632
_ainmigración
650 4 _927159
_aderecho penal
650 4 _927172
_asituación jurídica
653 1 0 _aAsuntos Sociales
773 0 _982404
_dAlbacete (Concepción, 12, 2º izda., 02002) Bomarzo 1998-
_o085307
_tRevista de derecho social
_w(ES-MaCES)25695
_gCD n. 67 (jul. 2014) {10693 R. 085307} ;p. 46-72
902 _aART Artículo de revista
942 _2CES
_cAR
_h3.3.
999 _c45969
_d45969